Ресурсоэффективным технологиям - энергию и энтузиазм молодых: сборник научных трудов V Всероссийской конференции студентов элитного технического образования, г. Томск, 25 -27 марта 2014 г.
| Corporate Authors: | , |
|---|---|
| סיכום: | Заглавие с экрана |
| שפה: | רוסית אנגלית |
| יצא לאור: |
Томск, Изд-во ТПУ, 2014
|
| נושאים: | |
| גישה מקוונת: | http://earchive.tpu.ru/handle/11683/65992 http://www.lib.tpu.ru/fulltext/c/2014/C08/C08.pdf |
| פורמט: | אלקטרוני ספר |
| KOHA link: | https://koha.lib.tpu.ru/cgi-bin/koha/opac-detail.pl?biblionumber=606212 |
MARC
| LEADER | 00000nam0a2200000 4500 | ||
|---|---|---|---|
| 001 | 606212 | ||
| 005 | 20231102023003.0 | ||
| 035 | |a (RuTPU)RU\TPU\conf\3591 | ||
| 090 | |a 606212 | ||
| 100 | |a 20140522d2014 k y0rusy50 ca | ||
| 101 | 0 | |a rus |a eng | |
| 102 | |a RU | ||
| 105 | |a y z 100zy | ||
| 135 | |a drcn ---uucaa | ||
| 181 | 0 | |a i | |
| 182 | 0 | |a b | |
| 200 | 1 | |a Ресурсоэффективным технологиям - энергию и энтузиазм молодых |e сборник научных трудов V Всероссийской конференции студентов элитного технического образования, г. Томск, 25 -27 марта 2014 г. |f Национальный исследовательский Томский политехнический университет (ТПУ) | |
| 203 | |a Текст |c электронный | ||
| 210 | |a Томск |c Изд-во ТПУ |d 2014 | ||
| 230 | |a 1 компьютерный файл (pdf; 10,9 MB) | ||
| 300 | |a Заглавие с экрана | ||
| 337 | |a Adobe Reader | ||
| 606 | 1 | |a Инновации технические |x Внедрение |2 stltpush |3 (RuTPU)RU\TPU\subj\68848 |9 83957 | |
| 610 | 1 | |a электронный ресурс | |
| 610 | 1 | |a труды учёных ТПУ | |
| 610 | 1 | |a материалы конференций | |
| 610 | 1 | |a инновационные технологии | |
| 610 | 1 | |a рациональное природопользование | |
| 610 | 1 | |a природные ресурсы | |
| 610 | 1 | |a глубокая переработка | |
| 610 | 1 | |a энергетика | |
| 610 | 1 | |a атомная энергетика | |
| 610 | 1 | |a альтернативные технологии | |
| 610 | 1 | |a новые материалы | |
| 610 | 1 | |a материалы с заданными свойствами | |
| 610 | 1 | |a нанотехнологии | |
| 610 | 1 | |a пучко-плазменные технологии | |
| 610 | 1 | |a интеллектуальные информационные системы | |
| 610 | 1 | |a информационно-телекоммуникационные системы | |
| 610 | 1 | |a неразрушающий контроль | |
| 610 | 1 | |a диагностика | |
| 610 | 1 | |a производственная сфера | |
| 610 | 1 | |a социальная сфера | |
| 675 | |a 62.001.5(063) |v 3 | ||
| 712 | 0 | 2 | |a Национальный исследовательский Томский политехнический университет (ТПУ) |c (2009- ) |2 stltpush |3 (RuTPU)RU\TPU\col\15902 |
| 712 | 1 | 2 | |a Ресурсоэффективным технологиям - энергию и энтузиазм молодых |b конференция |d 5 |e Томск |f 2014 |
| 801 | 2 | |a RU |b 63413507 |c 20210709 |g RCR | |
| 856 | 4 | |u http://earchive.tpu.ru/handle/11683/65992 | |
| 856 | 4 | |u http://www.lib.tpu.ru/fulltext/c/2014/C08/C08.pdf | |
| 942 | |c BK | ||